El monstruo baboso / (Registro nro. 9257)

Detalles MARC
000 -LIDER
fixed length control field 00691nam a22002537a 4500
001 - NÚMERO DE CONTROL
Identificador de número de control 00095
003 - IDENTIFICACDOR DE NÚMERO DE CONTROL
control field DO-SdBNP
005 - DATE AND TIME OF LATEST TRANSACTION
control field 20180201103732.0
007 - CAMPOS FIJOS DE DESCRIPCIÓN FÍSICA
fixed length control field 00095
008 - ELEMENTOS DE LONGITUD FIJA
fixed length control field 160316b sp 1999 |||| 00| 0 spa d
020 ## - ISBN
International Standard Book Number 9788440667854
040 ## - FUENTE DE CATALOGACIÓN
Agencia que crea de manera original el registro BPMSU
Idioma de catalogación spa
Agencia que realiza la transcripción BPMSU
092 ## - LOCALLY ASSIGNED DEWEY DECIMAL CALL NUMBER
Número de clasificación xxxxxxxxx
Número de ítem (Cutter) xxxxxxxxx
100 10 - ASIENTO PRINCIPAL -- NOMBRE PERSONAL
Nombre personal Stine, R. L.
245 13 - MENCIÓN DE TITULO
Título El monstruo baboso /
Mención de responsabilidad R. L. Stine ; traducción Marc Fahey
260 ## - PUBLICACIÓN, DISTRIBUCIÓN, ETC. (PIE DE IMPRENTA)
Lugar de publicación, distribución, etc Barcelona :
Nombre del editor, distribuidor, etc. Ediciones B.,
-- El periódico,
Fecha de publicación, distribución, etc 1999.
300 ## - DESCRIPCIÓN FÍSICA
Extensión 140 p. :
Dimensiones 20 cm.
490 0# - MENCIÓN DE SERIES
Mención de serie Pesadillas
Volume/sequential designation 53
700 10 - ASIENTO SECUNDARIO -- NOMBRE PERSONAL
Nombre personal Fahey, Marc,
Mención de responsabilidad tr.
830 #0 - ASIENTO SECUNDARIO DE SERIE--TÍTULO UNIFORME
Título uniforme Pesadillas
Volume number/sequential designation 53
942 ## - ADDED ENTRY ELEMENTS (KOHA)
Source of classification or shelving scheme Dewey Decimal Classification
Koha item type Libros
945 ## - INFORMACIÓN DE PROCESAMIENTO LOCAL
Información de procesamiento local Inventariado, 2018/ YL
956 ## - LOCAL ELECTRONIC LOCATION AND ACCESS (OCLC)
Nombre de host YLOCKWARD
Número de acceso 10
Información de compresión BPMSU
Existencias
Withdrawn status Lost status Source of classification or shelving scheme Damaged status Not for loan Collection code Home library Current library Date acquired Source of acquisition Total Checkouts Barcode Date last seen Price effective from Koha item type
    Dewey Decimal Classification     Colección Juvenil General Biblioteca Pública Metropolitana Salomé Ureña Biblioteca Pública Metropolitana Salomé Ureña 03/16/2016 Donación   BPMSU16030132 03/16/2016 03/16/2016 Libros